Detalles MARC
| 000 -LEADER |
| fixed length control field |
02280nam a2200457Ii 4500 |
| 001 - CONTROL NUMBER |
| control field |
DIGRBN0267 |
| 003 - CONTROL NUMBER IDENTIFIER |
| control field |
NyNyDIG |
| 007 - PHYSICAL DESCRIPTION FIXED FIELD--GENERAL INFORMATION |
| fixed length control field |
cr ||||||||||| |
| 008 - FIXED-LENGTH DATA ELEMENTS--GENERAL INFORMATION |
| fixed length control field |
180709s2014 sp obdi 000 0 spa d |
| 006 - FIXED-LENGTH DATA ELEMENTS--ADDITIONAL MATERIAL CHARACTERISTICS |
| fixed length control field |
m o d |
| 035 ## - SYSTEM CONTROL NUMBER |
| System control number |
(OCoLC)1044924713 |
| 040 ## - CATALOGING SOURCE |
| Original cataloging agency |
DGITA |
| Language of cataloging |
eng |
| Description conventions |
rda |
| -- |
pn |
| Transcribing agency |
DGITA |
| 020 ## - INTERNATIONAL STANDARD BOOK NUMBER |
| International Standard Book Number |
9788416169634 |
| Qualifying information |
(eBook) |
| 020 ## - INTERNATIONAL STANDARD BOOK NUMBER |
| International Standard Book Number |
8416169632 |
| Qualifying information |
(eBook) |
| 020 ## - INTERNATIONAL STANDARD BOOK NUMBER |
| Canceled/invalid ISBN |
9788497423922 |
| 020 ## - INTERNATIONAL STANDARD BOOK NUMBER |
| Canceled/invalid ISBN |
8497423925 |
| 050 14 - LIBRARY OF CONGRESS CALL NUMBER |
| Classification number |
PQ6322.A7 ebook |
| 082 04 - DEWEY DECIMAL CLASSIFICATION NUMBER |
| Classification number |
863.3 |
| 100 1# - MAIN ENTRY--PERSONAL NAME |
| Personal name |
Bradford, Charles Frederick, |
| Dates associated with a name |
-1887, |
| Relator term |
author. |
| 245 10 - TITLE STATEMENT |
| Title |
Índice de las notas de D. Diego Clemencín en su edición de El ingenioso hidalgo don Quijote de la Mancha / |
| Statement of responsibility, etc. |
Carlos F. Bradford ; introducción por Santiago Riopérez y Milá. |
| 250 ## - EDITION STATEMENT |
| Edition statement |
Edición digital. |
| 264 #1 - PRODUCTION, PUBLICATION, DISTRIBUTION, MANUFACTURE, AND COPYRIGHT NOTICE |
| Place of production, publication, distribution, manufacture |
Madrid (España) : |
| Name of producer, publisher, distributor, manufacturer |
Editorial Biblioteca Nueva, |
| Date of production, publication, distribution, manufacture, or copyright notice |
[2014] |
| 300 ## - PHYSICAL DESCRIPTION |
| Extent |
1 online resource. |
| 336 ## - CONTENT TYPE |
| Content type term |
text |
| Content type code |
txt |
| Source |
rdacontent |
| 337 ## - MEDIA TYPE |
| Media type term |
computer |
| Media type code |
c |
| Source |
rdamedia |
| 338 ## - CARRIER TYPE |
| Carrier type term |
online resource |
| Carrier type code |
cr |
| Source |
rdacarrier |
| 504 ## - BIBLIOGRAPHY, ETC. NOTE |
| Bibliography, etc. note |
Includes bibliographical references. |
| 588 0# - SOURCE OF DESCRIPTION NOTE |
| Source of description note |
Online resource; title from PDF title page (Digitalia, viewed July 11, 2018) |
| 600 10 - SUBJECT ADDED ENTRY--PERSONAL NAME |
| Personal name |
Cervantes Saavedra, Miguel de, |
| Dates associated with a name |
1547-1616. |
| Title of a work |
Don Quixote |
| Form subdivision |
Dictionaries. |
| 600 10 - SUBJECT ADDED ENTRY--PERSONAL NAME |
| Personal name |
Cervantes Saavedra, Miguel de, |
| Dates associated with a name |
1547-1616. |
| Title of a work |
Don Quixote |
| Form subdivision |
Indexes. |
| 655 #0 - INDEX TERM--GENRE/FORM |
| Genre/form data or focus term |
Electronic books. |
| 700 1# - ADDED ENTRY--PERSONAL NAME |
| Personal name |
Clemencín, Diego, |
| Dates associated with a name |
1765-1834. |
| 700 1# - ADDED ENTRY--PERSONAL NAME |
| Personal name |
Ríopérez y Milá, Santiago, |
| Relator term |
contributor agent of text. |
| 791 2# - |
| -- |
Digitalia (Firm), |
| -- |
distributor. |
| 793 0# - |
| -- |
Digitalia eBook Collection: |
| -- |
Biblioteca Nueva |
| 775 08 - OTHER EDITION ENTRY |
| Relationship information |
Digital transfer of manifestation of: |
| Main entry heading |
Bradford, Charles Frederick, -1887. |
| Title |
Índice de las notas de D. Diego Clemencín en su edición de El ingenioso hidalgo Don Quijote de la Mancha. |
| Place, publisher, and date of publication |
Madrid : Impr. de M. Tello, 1885 |
| Record control number |
(DLC) 17019065 |
| -- |
(OCoLC)4061028 |
| 776 08 - ADDITIONAL PHYSICAL FORM ENTRY |
| Relationship information |
Print version: |
| Main entry heading |
Bradford, Charles Frederick, -1887. |
| Title |
Índice de las notas de D. Diego Clemencín en su edición de El ingenioso hidalgo don Quijote de la Mancha. |
| Edition |
Edición facsímil. |
| Place, publisher, and date of publication |
Madrid : Editorial Biblioteca Nueva, ©2005 |
| International Standard Book Number |
8497423925 |
| Record control number |
(DLC) 2006368010 |
| -- |
(OCoLC)60556645 |
| 856 40 - ELECTRONIC LOCATION AND ACCESS |
| Materials specified |
Digitalia Hispánica |
| Uniform Resource Identifier |
<a href="https://www.digitaliapublishing.com/a/45879/">https://www.digitaliapublishing.com/a/45879/</a> |
| 910 ## - USER-OPTION DATA (OCLC) |
| User-option data |
Premium Collection: 2018 |
| 942 ## - ADDED ENTRY ELEMENTS (KOHA) |
| Koha item type |
Recurso Electrónico |